000 00415nam a2200145Ia 4500
008 231217s9999 xx 000 0 und d
041 _aEnglish
082 _a658.827 ALA;1 R
100 _aAlagiri, Dhandapani ed. Kalai Selvan N ed.
245 0 _aCreating brand personality of success
260 _c2007
_bIcfai
_aHyderabad
300 _axii, 205
650 _aCreating,brand,personality,success
942 _cAA
999 _c189205
_d189205